To the distant observer : Form and meaning in the Japanese cinema

This book consists of the following many parts: grounds, premises; a frozen stream; cross-currents; iron trees, golden flowers; a chain is broken; and then post scriptum.

Sparad:
Bibliografiska uppgifter
Huvudupphovsman: Burch, Noel
Materialtyp: Bok
Språk:Undetermined
Publicerad: London Scolar Press 1979
Ämnen:
Taggar: Lägg till en tagg
Inga taggar, Lägg till första taggen!
Thư viện lưu trữ: Trung tâm Học liệu Trường Đại học Cần Thơ
LEADER 00789nam a2200229Ia 4500
001 CTU_107889
008 210402s9999 xx 000 0 und d
082 |a 791.430952 
082 |b B947 
100 |a Burch, Noel 
245 0 |a To the distant observer : 
245 0 |b Form and meaning in the Japanese cinema 
245 0 |c Noel Burch 
260 |a London 
260 |b Scolar Press 
260 |c 1979 
520 |a This book consists of the following many parts: grounds, premises; a frozen stream; cross-currents; iron trees, golden flowers; a chain is broken; and then post scriptum. 
650 |a Motion pictures,Motion picture plays 
650 |x History and criticism 
650 |z Japan 
904 |i Bạch Trúc 
980 |a Trung tâm Học liệu Trường Đại học Cần Thơ